000
00307nam a22001457a 4500
008
230616b ||||| |||| 00| 0 eng d
020
_a
9781337279765
041
_a
eng
080
_2
10E
_a
51
082
_a
51LAR
100
_a
23
101
_a
MATE
245
_a
PRECALCULUS
_c
LARSON .R
942
_2
udc
_c
BK
999
_c
59995
_d
59995